___Por el anhelo de trascender : semblanza de cuatro décadas de vida del Instituto Tecnológico de Celaya, 1958-1998 /

-д хадгалсан:
Номзүйн дэлгэрэнгүй
Байгууллагын зохиогч: Instituto Tecnológico de Celaya
Бусад зохиолчид: Zapatero Campos, Juan Armando (edición) (edición), Díaz Ramírez, José Luis F. (edición) (edición)
Формат: Ном
Хэл сонгох:испани
Хэвлэсэн: Celaya, México : Instituto Tecnológico de Celaya, 1998, c1998
Нөхцлүүд:
Шошгууд: Шошго нэмэх
Шошго байхгүй, Энэхүү баримтыг шошголох эхний хүн болох!

MARC

LEADER 00000nam^a2200000^a^4500
001 000123198
005 20250521000000.0
009 20260310094530.874
020 |a 970-18-1886-5 
037 |a Acervo ITESO - Biblioteca 
041 |a ESP 
082 |a 378. 72413  |b INS ITC 
110 |a Instituto Tecnológico de Celaya 
245 1 0 |a ___Por el anhelo de trascender :  |b semblanza de cuatro décadas de vida del Instituto Tecnológico de Celaya, 1958-1998 /  |c Ed. de J.A. Zapatero Campos, J.L.F. Díaz Ramírez ; coord. y presen. de Bulmaro Fuentes Lemus. 
264 4 |a Celaya, México :  |b Instituto Tecnológico de Celaya,  |c 1998, c1998 
300 |a 189 p. 
336 |a texto  |b txt  |2 rdacontenido 
337 |a sin mediación  |b n  |2 rdamedio 
338 |a volumen  |b nc  |2 rdasoporte 
610 |a Instituto Tecnológico de Celaya 
649 |a XX 
650 |a Institutos Tecnológicos -  |z Celaya, Guanajuato 
650 |a Institutos Tecnológicos -  |z México 
650 |a Universidades Públicas -  |z Celaya, Guanajuato 
650 |a Universidades Públicas -  |z México 
650 |a Instituciones Educativas -  |z Celaya, Guanajuato 
650 |a Instituciones Educativas -  |z México 
650 |a Educación Técnica -  |z Celaya, Guanajuato 
650 |a Educación Técnica -  |z México 
650 |a Educación Superior -  |z Celaya, Guanajuato -  |x Historia -  |y 1946-2000 
650 |a Educación Superior -  |z Celaya, Guanajuato -  |x Historia -  |y Siglo XX 
650 |a Educación Superior -  |z México -  |x Historia -  |y 1946-2000 
650 |a Educación Superior -  |z México -  |x Historia -  |y Siglo XX 
650 |a Educación Pública -  |z Celaya, Guanajuato 
650 |a Educación Pública -  |z México 
700 |a Zapatero Campos, Juan Armando  |e (edición) 
700 |a Díaz Ramírez, José Luis F.  |e (edición) 
910 |a Fondo General 
920 |a Impresos - Libros 
930 |a Colección General 
905 |a 101 
901 |a 0500056812  |b IT1  |c ACC  |u 20250521 
902 |a https://opac.biblio.iteso.mx/vufind/Record/000123198